Statistics for Louis Tomlinson - Out of My System (Lyrics)

Click here to take the quiz!

General Stats

  • This quiz has been taken 232 times
  • The average score is 181 of 208

Answer Stats

Answer% Correct
go
99%
I
99%
my
99%
of
99%
out
99%
system,
99%
system
99%
get
98%
a
96%
gotta
94%
Gotta
94%
it
94%
to
89%
only
87%
wanna
87%
you
86%
be
85%
faster
84%
Slowly,
84%
slowly
84%
the
84%
never
82%
chest
81%
every
81%
am
80%
can
80%
And
79%
disaster
79%
me
79%
me,
79%
rest
79%
what
79%
think
78%
time
78%
half
77%
life
77%
off
77%
But
76%
Towards
76%
with
75%
With
75%
already
73%
know
72%
come
71%
I'm
70%
I've
70%
lot
70%
lived
69%
head
66%
leave
66%
all
65%
behind
65%
Take
65%
through
65%
else
64%
everything
63%
carry
62%
just
60%
Demons,
58%
demons
58%
where
57%
anything
56%
see
52%
taking
52%
them
51%
feel
48%
'Cause
47%
won't
47%
alive
45%
Putting
45%

Score Distribution

Percentile by Number Answered

Percent of People with Each Score

Your Score History

You have not taken this quiz